Normal view
MARC view
- الزعارير ، راكز ، م.مشارك غسان الطالب
Entry Personal Name
001 - CONTROL NUMBER
- control field: 57885
003 - CONTROL NUMBER IDENTIFIER
- control field: JO-AjAnu
005 - DATE AND TIME OF LATEST TRANSACTION
- control field: 20230606083457.0
008 - FIXED-LENGTH DATA ELEMENTS
- fixed length control field: 230606|| aca||aabn | a|a d
040 ## - CATALOGING SOURCE
- Original cataloging agency: JO-AjAnu
- Transcribing agency: JO-AjAnu
100 ## - HEADING--PERSONAL NAME
- Personal name: الزعارير ، راكز ، م.مشارك غسان الطالب
670 ## - SOURCE DATA FOUND
- Source citation: Work cat.: (JO-AjAnu)29534: الزعارير ، راكز ، م.مشارك غسان الطالب , author, الاداره الالكترونيه والتسويق الالكتروني لمنظمات الاعمال المعاصره: ( التسويق الالكتروني، الميزه التنافسيه، ريادة الاعمال، ادارة المعرفه ادارة الوقت الحاكميه المؤسسيه، الحكومه الالكترونيه )